| 000 | 00495nam a22001817a 4500 | ||
|---|---|---|---|
| 003 | OSt | ||
| 005 | 20140310181755.0 | ||
| 008 | 130629t xxu||||| |||| 00| 0 eng d | ||
| 020 | _a9789715083546 | ||
| 050 |
_aCB 1498 _b.Si594 2010 |
||
| 082 |
_aFIL 372.64 _bSe8 2010 |
||
| 245 |
_aHow long till September / _cTanya Sevilla-Simon, |
||
| 260 |
_aQuezon City, Philippines: _bAdarna House _cc2010 |
||
| 300 |
_a32 p. _bill.; _c23 cm. |
||
| 521 | _a | ||
| 541 | _j1 | ||
| 942 |
_2lcc _cBK-FIL _kFIL |
||
| 999 |
_c3386 _d3386 |
||